[Event "Astana Zhuldyzdary Open A"]
[Site "Astana KAZ"]
[Date "2023.07.17"]
[Round "9.8"]
[White "Makhnev, Denis"]
[Black "Harutyunyan, Tigran K."]
[Result "1/2-1/2"]
[WhiteTitle "GM"]
[BlackTitle "GM"]
[WhiteElo "2454"]
[BlackElo "2526"]
[WhiteFideId "13707647"]
[BlackFideId "13303635"]
[EventDate "2023.07.11"]

1. d4 Nf6 2. c4 e6 3. g3 d5 4. Nf3 Be7 5. Bg2 O-O 6. O-O dxc4 7. Qc2 a6 8. a4
Bd7 9. Qxc4 Bc6 10. Bg5 Nbd7 11. Nc3 a5 12. Rfd1 h6 13. Bxf6 Nxf6 14. Qb3 Ra6
15. Ne5 Rb6 16. Qc2 Bd5 17. Rd2 Qb8 18. Qd3 Rd8 19. e4 Bb3 20. Nb5 Bb4 21. Qxb3
Bxd2 22. Nc4 Rxb5 23. Qxb5 c6 24. Qe5 Bb4 25. Qxb8 Rxb8 26. Kf1 Rd8 1/2-1/2

[Event "Astana Zhuldyzdary Open A"]
[Site "Astana KAZ"]
[Date "2023.07.17"]
[Round "9.9"]
[White "Lobanov, Sergei"]
[Black "Zhalmakhanov, Ramazan"]
[Result "0-1"]
[WhiteTitle "GM"]
[BlackTitle "IM"]
[WhiteElo "2547"]
[BlackElo "2413"]
[WhiteFideId "24183750"]
[BlackFideId "13706357"]
[EventDate "2023.07.11"]

1. e4 e5 2. Nf3 Nc6 3. Bb5 a6 4. Ba4 Nf6 5. O-O b5 6. Bb3 Bc5 7. a4 Rb8 8. c3 d6
9. d4 Bb6 10. a5 Ba7 11. Be3 exd4 12. cxd4 O-O 13. h3 Nb4 14. Nc3 Bb7 15. Qd2 c5
16. d5 Re8 17. Bg5 h6 18. Bh4 c4 19. Bd1 Nd3 20. b3 b4 21. Na4 Nxe4 22. Bxd8
Nxd2 23. Nxd2 Rbxd8 24. bxc4 Nxf2 25. Rxf2 Bd4 26. Rb1 Re1+ 27. Nf1 Rde8 28. Nb2
R8e3 29. Kh2 Rc3 30. Rd2 Be5+ 31. Kg1 Bc8 32. Kf2 Re4 33. Nd3 Bf5 34. Rxb4 Bd4+
35. Kf3 g5 36. g3 Re8 37. Be2 Bxh3 38. g4 h5 39. gxh5 g4+ 40. Kg3 Rxe2 41. Rxe2
Rxd3+ 42. Kf4 Rf3+ 43. Kg5 Bf6+ 44. Kh6 Bg7+ 45. Kg5 Kh7 0-1

[Event "Astana Zhuldyzdary Open A"]
[Site "Astana KAZ"]
[Date "2023.07.17"]
[Round "9.10"]
[White "Sargsyan, Shant"]
[Black "Faizrakhmanov, Ramil"]
[Result "1/2-1/2"]
[WhiteTitle "GM"]
[BlackTitle "IM"]
[WhiteElo "2654"]
[BlackElo "2457"]
[WhiteFideId "13306766"]
[BlackFideId "24103209"]
[EventDate "2023.07.11"]

1. e4 c6 2. d4 d5 3. exd5 cxd5 4. Bd3 Nc6 5. c3 Qc7 6. h3 Nf6 7. Nf3 g6 8. Qc2
a6 9. O-O Nh5 10. Re1 Nf4 11. Bf1 Bg7 12. Be3 O-O 13. Qd2 Ne6 14. Na3 b5 15. Nc2
Na5 16. b3 Bb7 17. Nb4 Rac8 18. Rac1 Qd6 19. Nd3 Rfe8 20. Bh6 Nc6 21. b4 Rc7 22.
h4 f6 23. g3 Bxh6 24. Qxh6 Ng7 25. Nc5 e5 26. dxe5 fxe5 27. Rcd1 Nf5 28. Qg5 h6
29. Qc1 Kg7 30. Bg2 Bc8 31. Nh2 Nfe7 32. Qd2 Qf6 33. Nf1 Rf8 34. Qe2 e4 35. Ne3
Qxc3 36. Nxd5 Nxd5 37. Rxd5 e3 38. fxe3 Nxb4 39. Ne4 Qxe1+ 40. Qxe1 Nxd5 41.
Qa1+ Nf6 42. Qe5 Rc1+ 43. Kh2 Bf5 44. Nxf6 Rxf6 45. g4 Bxg4 46. Bd5 Rf1 47. Qe7+
Rf7 48. Bxf7 Rxf7 49. Qd6 Rf6 50. Qd4 Be6 51. Qa7+ Bf7 52. e4 Re6 53. Qd4+ Kg8
54. Kg3 Kh7 55. Kf4 Kg8 56. a3 Kh7 57. Qd7 Kg7 58. Ke3 Kg8 59. Kd4 Kg7 60. e5
Kg8 61. Qb7 Kg7 62. Qc8 Bg8 63. Ke4 1/2-1/2

[Event "Astana Zhuldyzdary Open A"]
[Site "Astana KAZ"]
[Date "2023.07.17"]
[Round "9.11"]
[White "Agmanov, Zhandos"]
[Black "Petrosyan, Manuel"]
[Result "0-1"]
[WhiteTitle "IM"]
[BlackTitle "GM"]
[WhiteElo "2430"]
[BlackElo "2627"]
[WhiteFideId "13708309"]
[BlackFideId "13300857"]
[EventDate "2023.07.11"]

1. e4 c5 2. Nf3 Nc6 3. Bb5 g6 4. Bxc6 bxc6 5. O-O Bg7 6. Re1 Nh6 7. c3 f6 8. d4
cxd4 9. cxd4 Nf7 10. Nc3 O-O 11. b3 d6 12. Bb2 Qb6 13. Rc1 Qb7 14. h3 Bd7 15.
Qe2 Rab8 16. Ba3 Qb6 17. Rcd1 Bc8 18. Bb2 Qa6 19. Qc2 Bd7 20. Qc1 Rbd8 21. Qa1
Qa5 22. Ne2 Ng5 23. Nxg5 Qxg5 24. Qc1 Qxc1 25. Rxc1 Rb8 26. Rc4 Rfc8 27. Ra4 Rb7
28. Ra5 Kf7 29. Bc1 Bf8 30. Bd2 e6 31. Rc1 d5 32. f3 g5 33. Kf2 Be7 34. b4 Ra8
35. a3 a6 36. Nc3 Bd8 37. Rc5 a5 38. Ne2 axb4 39. axb4 Be7 40. Ra5 Rab8 41. h4
h6 42. hxg5 hxg5 43. Rh1 Kg7 44. Nc1 dxe4 45. fxe4 Bxb4 46. Bxb4 Rxb4 47. Ke3 f5
48. Nd3 f4+ 49. Kd2 R8b5 50. Rxb5 Rxb5 51. Ra1 Be8 52. Kc3 Bg6 53. Nc5 Rxc5+ 54.
dxc5 Bxe4 55. Rg1 Kf6 56. Kd4 Bd5 57. g4 e5+ 58. Kd3 Bf3 59. Kd2 e4 60. Kc3 Ke5
61. Kd2 Kd4 62. Ra1 e3+ 63. Ke1 Bxg4 64. Ra4+ Ke5 65. Ra8 f3 0-1

[Event "Astana Zhuldyzdary Open A"]
[Site "Astana KAZ"]
[Date "2023.07.17"]
[Round "9.12"]
[White "Gan-Erdene, Sugar"]
[Black "Nikitenko, Mihail"]
[Result "0-1"]
[WhiteTitle "IM"]
[BlackTitle "GM"]
[WhiteElo "2418"]
[BlackElo "2540"]
[WhiteFideId "4902980"]
[BlackFideId "13506862"]
[EventDate "2023.07.11"]

1. d4 d5 2. c4 e6 3. Nf3 a6 4. Bg5 Nf6 5. e3 Be7 6. Nc3 O-O 7. cxd5 exd5 8. Bd3
h6 9. Bh4 Be6 10. O-O Nbd7 11. Qc2 c5 12. dxc5 Nxc5 13. Bf5 Rc8 14. Rac1 b5 15.
Bxe6 fxe6 16. Ne2 Bd6 17. Ned4 b4 18. Qg6 Qe8 19. Qxe8 Rfxe8 20. Bxf6 gxf6 21.
Rc2 Nd3 22. Rd2 Nc1 23. Nb3 Nxb3 24. axb3 Rc5 25. Ra1 Rec8 26. Kf1 a5 27. Ke2
Kf7 28. Ne1 Rb5 29. g3 Rc6 30. Rc2 Rxc2+ 31. Nxc2 e5 32. Ne1 Ke6 33. Nd3 e4 34.
Nf4+ Kf5 35. Rc1 Be5 36. Rc2 d4 37. exd4 Bxd4 38. h3 Rb8 39. Nd5 Ke6 40. Ne3 a4
41. bxa4 b3 42. Rd2 Bc3 43. bxc3 b2 44. Rd1 b1=Q 45. Rxb1 Rxb1 46. h4 Ra1 47.
Ng4 h5 48. Ne3 Ra2+ 49. Ke1 Rxa4 50. Ng2 Kf5 51. Ne3+ Ke5 52. Ng2 Ra2 53. Nf4
Kf5 54. Nxh5 Kg4 55. Nxf6+ Kf3 56. Nd7 Ra1+ 0-1

[Event "Astana Zhuldyzdary Open A"]
[Site "Astana KAZ"]
[Date "2023.07.17"]
[Round "9.13"]
[White "Goganov, Aleksey"]
[Black "Abdisalimov, Abdimalik"]
[Result "1/2-1/2"]
[WhiteTitle "GM"]
[BlackTitle "IM"]
[WhiteElo "2531"]
[BlackElo "2451"]
[WhiteFideId "24109959"]
[BlackFideId "14206323"]
[EventDate "2023.07.11"]

1. d4 Nf6 2. c4 g6 3. Nc3 Bg7 4. e4 d6 5. Nf3 O-O 6. Be2 e5 7. O-O Nc6 8. d5 Ne7
9. b4 a5 10. bxa5 Rxa5 11. a4 Ne8 12. Nd2 c5 13. dxc6 bxc6 14. Nb3 Ra8 15. a5
Be6 16. Be3 f5 17. f3 c5 18. Nd5 Nc6 19. Qd2 Rf7 20. Rfb1 f4 21. Bf2 Rfa7 22.
Be1 Nc7 23. Ra3 Na6 24. Nc1 Nab4 25. Nd3 Nxd3 26. Qxd3 Bf8 27. Rb6 Nxa5 28. Qb1
Nc6 29. Rxa7 Nxa7 30. Rb7 Bc8 31. Ba5 Qg5 32. Nc7 Bh3 33. Bf1 Nc6 34. Nxa8 Nxa5
35. Rb6 d5 36. Qd3 dxc4 37. Qc3 Qd8 38. gxh3 Qxa8 39. Qxe5 Qd8 40. Rb5 Bg7 41.
Qd5+ Qxd5 42. exd5 Bd4+ 43. Kg2 c3 44. Rb1 Nb7 45. Bd3 Nd6 46. Kf1 Kf7 47. Ke2
c4 48. Bc2 h6 49. Rb8 g5 50. h4 gxh4 51. h3 Be5 52. Rb6 Ke7 53. Kd1 Bd4 54. Rc6
Be5 55. Rc7+ Kf6 56. Rc6 Kf7 57. Kc1 Ke7 58. Bb1 Bd4 59. Kd1 Be3 60. Ba2 Nb5 61.
Rxc4 h5 62. Rc6 Nd4 63. Rxc3 Nxf3 64. Rc7+ Kd6 65. Rc6+ Kd7 66. Rf6 Ng5 67. Ke2
Nxh3 68. Rg6 Ng1+ 69. Kf1 Nf3 70. Rg7+ Kd6 71. Rg6+ Kd7 72. Rg7+ Kd6 73. Rg6+
Ke5 1/2-1/2

[Event "Astana Zhuldyzdary Open A"]
[Site "Astana KAZ"]
[Date "2023.07.17"]
[Round "9.14"]
[White "Isanzhulov, Arystan"]
[Black "Nogerbek, Kazybek"]
[Result "1-0"]
[WhiteTitle "FM"]
[BlackTitle "IM"]
[WhiteElo "2422"]
[BlackElo "2504"]
[WhiteFideId "13711644"]
[BlackFideId "13710427"]
[EventDate "2023.07.11"]

1. e4 c5 2. Nf3 e6 3. d4 cxd4 4. Nxd4 Nc6 5. Nc3 Qc7 6. g3 a6 7. Bg2 Nf6 8. O-O
h5 9. h3 Bc5 10. Be3 Nxd4 11. Bxd4 e5 12. Bxc5 Qxc5 13. Qd2 Rh6 14. a4 d6 15.
Rfd1 Ke7 16. a5 Bd7 17. Na4 Bxa4 18. Rxa4 Rd8 19. Bf1 Rg6 20. Rc4 Qa7 21. Rc7+
Kf8 22. Qb4 Kg8 23. Rxb7 Qa8 24. Rxd6 Rf8 25. Rdb6 h4 26. Rb8 1-0

[Event "Astana Zhuldyzdary Open A"]
[Site "Astana KAZ"]
[Date "2023.07.17"]
[Round "9.15"]
[White "Kazhgaleyev, Murtas"]
[Black "Tsaruk, Maksim"]
[Result "1-0"]
[WhiteTitle "GM"]
[BlackTitle "FM"]
[WhiteElo "2503"]
[BlackElo "2393"]
[WhiteFideId "13700316"]
[BlackFideId "13511173"]
[EventDate "2023.07.11"]

1. d4 f5 2. Nf3 Nf6 3. c4 e6 4. e3 b6 5. Bd3 Bb4+ 6. Nbd2 Bb7 7. O-O O-O 8. a3
Bxd2 9. Nxd2 a5 10. b3 d6 11. f3 Nbd7 12. Bb2 Nh5 13. Qe2 f4 14. Rfe1 Qg5 15.
Ne4 Qh6 16. Nf2 Rae8 17. e4 e5 18. c5 bxc5 19. Ng4 Qg5 20. dxe5 dxe5 21. Bb5 c6
22. Bc4+ Kh8 23. Qf2 Nhf6 24. Nxf6 Rxf6 25. Red1 Bc8 26. Rd2 Nf8 27. Qxc5 Ng6
28. Kh1 Qh5 29. Qxa5 Nh4 30. Rd8 Rff8 31. Rxe8 Rxe8 32. Bf1 Bh3 33. Qc3 Re6 34.
Qc5 h6 35. Qf2 Bxg2+ 36. Bxg2 Rg6 37. Rg1 Rg3 38. Bf1 Rxf3 39. Qe2 Qe8 40. Qc2
Kh7 41. Bc3 Qe6 42. Be1 Qf6 43. Be2 Re3 44. Bf2 Rxe2 45. Qxe2 1-0

[Event "Astana Zhuldyzdary Open A"]
[Site "Astana KAZ"]
[Date "2023.07.17"]
[Round "9.16"]
[White "Madaminov, Mukhiddin"]
[Black "Ibadov, Dashgyn"]
[Result "1-0"]
[WhiteTitle "IM"]
[BlackTitle "IM"]
[WhiteElo "2471"]
[BlackElo "2372"]
[WhiteFideId "14210703"]
[BlackFideId "24107514"]
[EventDate "2023.07.11"]

1. e4 e5 2. Nf3 Nc6 3. Bb5 a6 4. Ba4 Nf6 5. O-O b5 6. Bb3 Bc5 7. c3 d6 8. d4 Bb6
9. a4 Rb8 10. a5 Ba7 11. h3 Bb7 12. Be3 Nxe4 13. Nbd2 Nxd2 14. Qxd2 exd4 15.
cxd4 O-O 16. Rfe1 Qd7 17. d5 Bxe3 18. Rxe3 Ne5 19. Nxe5 dxe5 20. Rxe5 Qd6 21.
Qe3 Bc8 22. Rc1 Bd7 23. Qg3 Rfc8 24. h4 Kf8 25. Kh2 b4 26. Bc4 Re8 27. Rxe8+
Kxe8 28. Bd3 Qxg3+ 29. Kxg3 Kd8 30. Rc5 Bb5 31. Bxb5 axb5 32. Kf4 Kd7 33. Ke4
f5+ 34. Kd4 g6 35. f3 f4 36. b3 h5 37. Rc6 Re8 38. Kc5 1-0

[Event "Astana Zhuldyzdary Open A"]
[Site "Astana KAZ"]
[Date "2023.07.17"]
[Round "9.17"]
[White "Assylov, Miras"]
[Black "Sethuraman, S.P."]
[Result "1/2-1/2"]
[BlackTitle "GM"]
[WhiteElo "2012"]
[BlackElo "2602"]
[WhiteFideId "13728873"]
[BlackFideId "5021596"]
[EventDate "2023.07.11"]

1. e4 c5 2. Nf3 d6 3. d4 cxd4 4. Nxd4 Nf6 5. Nc3 a6 6. g3 e5 7. Nb3 Be7 8. Bg5
Nbd7 9. a4 b6 10. Bc4 Bb7 11. Nd2 h6 12. Be3 Qc7 13. Qe2 Nc5 14. Bxc5 Qxc5 15.
O-O O-O 16. Bb3 Rac8 17. Rfe1 g6 18. Qe3 Qxe3 19. Rxe3 Rc6 20. Rd3 Rc5 21. f3 b5
22. axb5 axb5 23. Ra7 Rb8 24. Nf1 b4 25. Na4 Rc6 26. Ne3 Ra6 27. Rxa6 Bxa6 28.
Bc4 Bc8 29. b3 Bd7 30. Kg2 Be6 31. Rd1 h5 32. h4 Kf8 33. Nb2 Bd7 34. Nd5 Nxd5
35. Bxd5 Bb5 36. Ra1 Rc8 1/2-1/2

[Event "Astana Zhuldyzdary Open A"]
[Site "Astana KAZ"]
[Date "2023.07.17"]
[Round "9.18"]
[White "Ponkratov, Pavel"]
[Black "Zverev, Lev"]
[Result "1-0"]
[WhiteTitle "GM"]
[BlackTitle "FM"]
[WhiteElo "2589"]
[BlackElo "2319"]
[WhiteFideId "4157800"]
[BlackFideId "24250775"]
[EventDate "2023.07.11"]

1. Nf3 Nf6 2. g3 b5 3. Bg2 Bb7 4. d3 e6 5. e4 d6 6. O-O c5 7. a4 b4 8. a5 Be7 9.
c3 O-O 10. cxb4 cxb4 11. Nbd2 Na6 12. Nb3 Nc5 13. Nxc5 dxc5 14. Ne5 Qc7 15. Nc4
Rad8 16. Qe2 Nd7 17. Bf4 Qc6 18. h4 Bf6 19. a6 Ba8 20. Rfc1 Nb8 21. Ne3 e5 22.
Bg5 Bxg5 23. hxg5 Qb5 24. Qc2 Nd7 25. Bh3 f6 26. g6 Nb6 27. Qxc5 Qxd3 28. gxh7+
Kh8 29. Bf5 Qb3 30. Qe7 Rfe8 31. Qxa7 Na4 32. Bg6 1-0

[Event "Astana Zhuldyzdary Open A"]
[Site "Astana KAZ"]
[Date "2023.07.17"]
[Round "9.19"]
[White "Zarubitski, Viachaslau"]
[Black "Abdilkhair, Abilmansur"]
[Result "0-1"]
[WhiteTitle "IM"]
[BlackTitle "FM"]
[WhiteElo "2423"]
[BlackElo "2248"]
[WhiteFideId "13509373"]
[BlackFideId "13716417"]
[EventDate "2023.07.11"]

1. Nf3 d5 2. g3 Bg4 3. Bg2 Nd7 4. d4 e6 5. O-O Bd6 6. c4 c6 7. Nc3 Ngf6 8. Bf4
Bxf4 9. gxf4 Qb8 10. Ne5 O-O 11. Nxg4 Nxg4 12. e3 f5 13. b4 a6 14. a4 Nb6 15. c5
Nc4 16. Qd3 h6 17. h3 Nf6 18. b5 a5 19. bxc6 bxc6 20. Rfb1 Qc7 21. Rb3 g5 22.
Rab1 Rf7 23. fxg5 hxg5 24. e4 fxe4 25. Nxe4 Nxe4 26. Bxe4 Qf4 27. Bg6 Rf6 28.
Bh5 Nd2 29. Rb7 Qxf2+ 30. Kh1 Ne4 31. Rg1 Qh4 0-1

[Event "Astana Zhuldyzdary Open A"]
[Site "Astana KAZ"]
[Date "2023.07.17"]
[Round "9.20"]
[White "Sapenov, Daniyal"]
[Black "Aitbayev, Aslan"]
[Result "1/2-1/2"]
[WhiteTitle "FM"]
[BlackTitle "IM"]
[WhiteElo "2329"]
[BlackElo "2403"]
[WhiteFideId "13728911"]
[BlackFideId "13704613"]
[EventDate "2023.07.11"]

1. d4 Nf6 2. c4 e6 3. Nc3 d5 4. Nf3 Be7 5. g3 O-O 6. Bg2 Nbd7 7. Qd3 a6 8. Bf4
c5 9. cxd5 exd5 10. dxc5 Nxc5 11. Qd1 Nce4 12. Nxe4 dxe4 13. Qxd8 Rxd8 14. Nd2
Bf5 15. O-O Rac8 16. Rac1 h6 17. Nb3 Nd5 18. Rxc8 Rxc8 19. Be5 Bf6 20. Bxf6 Nxf6
21. Nd4 Bd7 22. Rd1 Kf8 23. e3 Ke7 24. Kf1 h5 25. h3 g6 26. Ke1 Rc7 27. Bf1 Nh7
28. h4 Nf6 1/2-1/2

[Event "Astana Zhuldyzdary Open A"]
[Site "Astana KAZ"]
[Date "2023.07.17"]
[Round "9.21"]
[White "Ashraf, Artin"]
[Black "Divya, Deshmukh"]
[Result "1-0"]
[WhiteTitle "FM"]
[BlackTitle "WGM"]
[WhiteElo "2309"]
[BlackElo "2400"]
[WhiteFideId "22514805"]
[BlackFideId "35006916"]
[EventDate "2023.07.11"]

1. d4 Nf6 2. c4 e6 3. g3 d5 4. Bg2 Bb4+ 5. Bd2 Bd6 6. Nf3 O-O 7. O-O c6 8. Nc3
dxc4 9. e4 Be7 10. a4 c5 11. e5 Nd5 12. dxc5 Bxc5 13. Qe2 Qc7 14. Ng5 h6 15.
Nge4 Nd7 16. Bf4 Nxf4 17. gxf4 Nb6 18. Nb5 Qe7 19. a5 Bd7 20. Nbd6 Nd5 21. Nxc5
Nxf4 22. Qg4 Nxg2 23. Nxd7 Qxd7 24. Qxg2 f6 25. Qxb7 Qd8 26. Ra3 fxe5 27. Rg3 g5
28. Nxc4 Qd4 29. Qb3 Rac8 30. Ne3 Rc6 31. Rg4 Qd2 32. h4 Qe2 33. hxg5 h5 34. g6
Rfc8 35. Rg5 h4 36. Qd1 Qxb2 37. Qd7 R8c7 38. Qe8+ Kg7 39. Rh5 Qe2 40. Qh8+ Kxg6
41. Rh6+ 1-0

[Event "Astana Zhuldyzdary Open A"]
[Site "Astana KAZ"]
[Date "2023.07.17"]
[Round "9.22"]
[White "Kozganbay, Erkin"]
[Black "Arestanov, Timur"]
[Result "1-0"]
[BlackTitle "FM"]
[WhiteElo "2337"]
[BlackElo "2216"]
[WhiteFideId "13703773"]
[BlackFideId "13701304"]
[EventDate "2023.07.11"]

1. c4 e5 2. d3 Nc6 3. Nf3 f5 4. g3 Nf6 5. Bg2 Bc5 6. O-O e4 7. Nh4 d6 8. Nc3 Qe7
9. Bg5 e3 10. Nd5 exf2+ 11. Kh1 Qf7 12. Bxf6 gxf6 13. e3 f4 14. d4 Bb6 15. Rxf2
fxe3 16. Rxf6 Qg7 17. c5 dxc5 18. dxc5 Bxc5 19. Nxc7+ Qxc7 20. Qh5+ Kd8 21. Qxc5
Re8 22. Rd6+ Bd7 23. Bxc6 bxc6 24. Rad1 e2 25. Rxd7+ Qxd7 26. Rxd7+ Kxd7 27.
Qf5+ Kc7 28. Qa5+ Kb7 29. Qb4+ Kc7 30. Nf3 Rad8 31. Kg2 Rd5 32. a4 Rf5 33. Ne1
Rf1 34. g4 Re6 35. a5 Rd6 36. a6 Kd7 37. g5 Ke7 38. Qe4+ Re6 39. Qxh7+ Rf7 40.
Qc2 Rf1 41. Qc3 Kf7 42. h4 Kg6 43. Qd3+ Kf7 44. Qh7+ Ke8 45. g6 Re4 46. g7 Rg4+
47. Kh3 Rxg7 48. Qxg7 Rxe1 49. Qe5+ Kf7 50. Kg2 1-0

[Event "Astana Zhuldyzdary Open A"]
[Site "Astana KAZ"]
[Date "2023.07.17"]
[Round "9.23"]
[White "Kamalidenova, Meruert"]
[Black "Bolat, Inayat"]
[Result "1-0"]
[WhiteTitle "WIM"]
[WhiteElo "2336"]
[BlackElo "2085"]
[WhiteFideId "13712802"]
[BlackFideId "13733125"]
[EventDate "2023.07.11"]

1. e4 e5 2. Nf3 Nc6 3. Bb5 a6 4. Ba4 Bc5 5. O-O Nge7 6. c3 Ng6 7. d4 Ba7 8. Bg5
f6 9. Be3 O-O 10. Nbd2 d6 11. Re1 Kh8 12. h3 Bd7 13. Nf1 exd4 14. cxd4 d5 15.
exd5 Nb4 16. Bc2 Nxc2 17. Qxc2 Bb5 18. Ng3 Qxd5 19. h4 Qc4 20. Qxc4 Bxc4 21. h5
Ne7 22. h6 g6 23. Rac1 Bd5 24. Rxc7 Rfe8 25. Bd2 Ng8 26. Rec1 Bc6 27. R1xc6 bxc6
28. Rxc6 Bb8 29. Nf1 Rd8 30. Ba5 Rd5 31. Bc3 Bf4 32. g3 Bxh6 33. Ne3 Bxe3 34.
fxe3 Re8 35. Bd2 a5 36. Ne1 Rb5 37. Nd3 Ne7 38. Rxf6 Nd5 39. Rf2 Nb4 40. Nf4
Nxa2 41. d5 g5 42. Nh5 Rxb2 43. d6 Rd8 44. d7 Kg8 45. Bxa5 Rxf2 46. Bxd8 Rd2 47.
Bxg5 1-0

[Event "Astana Zhuldyzdary Open A"]
[Site "Astana KAZ"]
[Date "2023.07.17"]
[Round "9.24"]
[White "Sisabayev, Kuanysh"]
[Black "Kassimov, Baurzhan"]
[Result "1/2-1/2"]
[WhiteTitle "FM"]
[BlackTitle "IM"]
[WhiteElo "2235"]
[BlackElo "2304"]
[WhiteFideId "13702718"]
[BlackFideId "13704800"]
[EventDate "2023.07.11"]

1. d4 Nf6 2. c4 g6 3. g3 Bg7 4. Bg2 O-O 5. Nc3 d6 6. Nf3 c5 7. O-O Nc6 8. h3 Bf5
9. d5 Na5 10. Nd2 e5 11. a3 Qc8 12. Kh2 a6 13. e4 Bd7 14. Qe2 b5 15. cxb5 axb5
16. Nxb5 Qa6 17. Nc3 Qxe2 18. Nxe2 Bb5 19. Re1 Bh6 20. Nc3 Bd3 21. Bf1 c4 22.
Nxc4 Bxc1 23. Bxd3 Nxc4 24. Rexc1 Nxb2 25. Bb5 Rfc8 26. a4 Rc5 27. f3 Ra5 28.
Kg2 Kf8 29. Rab1 Nc4 30. Nd1 Nb6 31. Rxc5 dxc5 32. Nb2 Ke7 33. Rc1 Nfd7 34. Kf2
f6 35. Ke3 Kd6 36. h4 f5 37. Kd3 Nf6 38. Bc6 h6 39. Ke3 Ke7 40. Rc3 Nfd7 41. g4
fxg4 42. fxg4 g5 43. hxg5 hxg5 44. Rc1 Nf6 45. Kf3 Kd6 46. Bb5 Ra7 47. Rh1 c4
48. Rh6 Rf7 49. Ke2 Kc5 50. a5 Kxb5 51. axb6 Nxe4 52. Nd1 Rb7 53. Ne3 Nc3+ 54.
Kd2 Na4 55. Re6 Nxb6 56. Rxe5 Kc5 57. d6+ Kxd6 58. Rxg5 Ra7 59. Kc3 Ra3+ 60. Kd4
Rd3+ 61. Ke4 Rb3 62. Kd4 Rd3+ 63. Ke4 Rb3 64. Nf5+ Kd7 65. Rg7+ Kd8 66. Rg8+ Kd7
67. Rg7+ Kd8 1/2-1/2

[Event "Astana Zhuldyzdary Open A"]
[Site "Astana KAZ"]
[Date "2023.07.17"]
[Round "9.25"]
[White "Novik, Maxim"]
[Black "Voinikonis, Nikita"]
[Result "1-0"]
[WhiteTitle "GM"]
[BlackTitle "FM"]
[WhiteElo "2436"]
[BlackElo "2133"]
[WhiteFideId "4102924"]
[BlackFideId "34187500"]
[EventDate "2023.07.11"]

1. e4 c5 2. Nf3 d6 3. d4 cxd4 4. Nxd4 Nf6 5. Nc3 a6 6. f4 e5 7. Nf3 Nbd7 8. a4
Qc7 9. Bd3 Be7 10. O-O O-O 11. Kh1 b6 12. Qe1 Bb7 13. fxe5 dxe5 14. Nh4 g6 15.
Bh6 Rfe8 16. Nf5 Bf8 17. Bxf8 Kxf8 18. Ne3 b5 19. Qh4 b4 20. Ncd5 Bxd5 21. Nxd5
Nxd5 22. exd5 e4 23. Qxh7 Ne5 24. Bxe4 Qd6 25. Rae1 Ra7 26. Bd3 1-0

[Event "Astana Zhuldyzdary Open A"]
[Site "Astana KAZ"]
[Date "2023.07.17"]
[Round "9.26"]
[White "Kazakov, Konstantin"]
[Black "Kenbeilov, Timur"]
[Result "1-0"]
[WhiteTitle "IM"]
[WhiteElo "2389"]
[BlackElo "1989"]
[WhiteFideId "13700898"]
[BlackFideId "13715755"]
[EventDate "2023.07.11"]

1. d4 e6 2. Nf3 d5 3. c3 c5 4. Bf4 Nf6 5. e3 Nc6 6. Nbd2 Bd6 7. Bg3 O-O 8. Bd3
Qe7 9. Ne5 Nd7 10. Nxd7 Bxd7 11. Bxd6 Qxd6 12. dxc5 Qxc5 13. Bxh7+ Kxh7 14. Qh5+
Kg8 15. Ne4 Qb5 16. Ng5 Rfd8 17. Qxf7+ Kh8 18. O-O-O Ne5 19. Qh5+ Kg8 20. Qh7+
Kf8 21. Qh8+ Ke7 22. Qxg7+ Kd6 23. Ne4+ 1-0

[Event "Astana Zhuldyzdary Open A"]
[Site "Astana KAZ"]
[Date "2023.07.17"]
[Round "9.27"]
[White "Kuziev, Miraziz"]
[Black "Suleimen, Ergali"]
[Result "0-1"]
[BlackTitle "FM"]
[WhiteElo "2049"]
[BlackElo "2296"]
[WhiteFideId "14215772"]
[BlackFideId "13724452"]
[EventDate "2023.07.11"]

1. d4 Nf6 2. c4 g6 3. Nc3 d5 4. cxd5 Nxd5 5. e4 Nxc3 6. bxc3 Bg7 7. Nf3 c5 8. h3
Nc6 9. Be3 O-O 10. Be2 cxd4 11. cxd4 Qa5+ 12. Bd2 Qa3 13. d5 Ne5 14. O-O Nxf3+
15. Bxf3 Bxa1 16. Qxa1 f6 17. Rb1 a5 18. Be2 Bd7 19. Rxb7 Qd6 20. Bh6 Rfb8 21.
e5 fxe5 22. Rxd7 Qxd7 23. Qxe5 Rb1+ 24. Bf1 e6 25. d6 Rd1 26. g4 Rxd6 27. Bc4
Rd8 28. Bb3 Rd1+ 29. Kh2 Rd6 30. h4 Qf7 31. Kg2 a4 32. Bxa4 Rd4 33. Bb3 Rxg4+
34. Kf1 Re8 35. Bd2 Qf5 36. Qd6 Qb5+ 0-1

[Event "Astana Zhuldyzdary Open A"]
[Site "Astana KAZ"]
[Date "2023.07.17"]
[Round "9.29"]
[White "Doschanov, Zhaslan"]
[Black "Dumanuly, Sultanbeibarys"]
[Result "1-0"]
[WhiteElo "2193"]
[BlackElo "1833"]
[WhiteFideId "13701207"]
[BlackFideId "13731963"]
[EventDate "2023.07.11"]

1. d4 d5 2. c4 c6 3. Nf3 Nf6 4. Nc3 dxc4 5. e4 b5 6. Qc2 Bb7 7. Be2 Nbd7 8. O-O
e6 9. Rb1 a6 10. b3 b4 11. bxc4 Qc7 12. e5 bxc3 13. exf6 Nxf6 14. g3 c5 15. Bf4
Qc8 16. Ne5 Be7 17. Qa4+ Kf8 18. Rxb7 Qxb7 19. Bf3 Qa7 20. Rb1 cxd4 21. Bxa8
Qxa8 22. Nd3 g6 23. Rb8+ Kg7 24. Rxa8 Rxa8 25. Be5 1-0

[Event "Astana Zhuldyzdary Open A"]
[Site "Astana KAZ"]
[Date "2023.07.17"]
[Round "9.30"]
[White "Zhakan, Erasyl"]
[Black "Rakhimzhan, Alen"]
[Result "0-1"]
[BlackTitle "FM"]
[WhiteElo "1813"]
[BlackElo "2154"]
[WhiteFideId "13722271"]
[BlackFideId "13707213"]
[EventDate "2023.07.11"]

1. e4 Nf6 2. Nc3 d5 3. exd5 Nxd5 4. Bc4 Nb6 5. Bb3 Nc6 6. Nf3 e5 7. h3 Bd6 8. d3
O-O 9. O-O Na5 10. Re1 Nxb3 11. axb3 Re8 12. Bg5 f6 13. Bh4 Bf5 14. Ne4 Bf8 15.
Ng3 Qd7 16. Nxf5 Qxf5 17. Bg3 a6 18. Re4 Rad8 19. Qe2 Qd7 20. Re1 c5 21. b4 Na4
22. bxc5 Nxc5 23. Re3 Qd5 24. c4 Qf7 25. d4 Ne6 26. d5 Nc5 27. Nh4 e4 28. Rd1 g5
29. Nf5 Qg6 30. Nd4 f5 31. f4 exf3 32. Qxf3 Rxe3 33. Qxe3 f4 34. Bxf4 gxf4 35.
Qxf4 Bd6 36. Qh4 Rf8 37. Nf3 Ne4 38. Re1 Re8 39. Re2 Bg3 40. Qg4 Qxg4 41. hxg4
Bd6 42. Nd2 Nf6 43. Rxe8+ Nxe8 44. Ne4 b6 45. g5 Be5 46. b3 Nd6 47. Nd2 Bf4 48.
Nf3 Ne4 49. Kf1 Nd2+ 50. Nxd2 Bxd2 51. Ke2 Bxg5 52. Kd3 Be7 0-1